000 00553nam a2200193 i 4500
001 72552
003 ES-MaACL
005 20230906171454.0
007 t|
008 040901s1925 it ||||1| ita d
100 1 _aGiudici, Oscarre.
_957356
245 1 0 _aTessuti di lana e di cotome
_b: analisi e fabricazione /
_cOscarre Giudici.
260 _aMilano :
_b[s.n.,
_c1925] (
_fU. Allegretti)
300 _aVIII, 708 p. ;
_c16 cm.
490 1 _aManuali Hoepli
830 0 _aManuali Hoepli
_9180782
852 _aES-MaACL
_jF-4341
999 _c72552
_d72552